Statistics for Minecraft by Letter-E

Click here to take the quiz!

General Stats

  • This quiz has been taken 102 times
  • The average score is 9 of 10

Answer Stats

DescriptionFirst Two LettersAnswer% Correct
Turtles and Dragons have thisEgEgg
100%
Mob that starts with endEnEnderdragon
100%
Mob the starts with endEnEndermen
100%
Rare ore found in veins of oneEmEmerald
96%
Crafted with books, obsidian, and a diamondEnEnchantment Table
96%
Mob that starts with endEnEndermite
95%
Used to flyElElytra
94%
Summoner of vexsEvEvoker
87%
Gives you mining fatigueElElder Guardian
74%
Type of mapEmEmpty Map
49%

Score Distribution

Percentile by Number Answered

Percent of People with Each Score

Your Score History

You have not taken this quiz